Music Quiz

Random Music or Song Quiz
Score 0/201 Timer 06:00
9 Plays Today
% Correct
Hey
99.8%
Hey
99.8%
hey
99.8%
Hey
99.8%
hey
99.8%
Hey
99.8%
Hey
99.8%
Hey
99.8%
Jude,
99.7%
Jude,
99.7%
Jude,
99.7%
Jude,
99.7%
Jude,
99.7%
Jude,
99.7%
Jude,
99.7%
Jude!
99.7%
a
98.6%
a
98.6%
a
98.6%
a
98.6%
it
97.6%
it
97.6%
it
97.6%
it
97.6%
it
97.6%
it
97.6%
it
97.6%
it
97.6%
it
97.6%
it
97.6%
it
97.6%
be
97.5%
and
97.2%
don't
97.2%
and
97.2%
And
97.2%
and
97.2%
don't
97.2%
Don't
97.2%
and
97.2%
And
97.2%
and
97.2%
don't
97.2%
don't
97.2%
don't
97.2%
make
96.8%
make
96.8%
make
96.8%
make
96.8%
make
96.8%
make
96.8%
make
96.8%
make
96.8%
you
96.7%
You
96.7%
you
96.7%
you
96.7%
you
96.7%
You
96.7%
you
96.7%
you
96.7%
you?
96.7%
you
96.7%
you
96.7%
you
96.6%
better.
96.4%
better.
96.4%
% Correct
better.
96.3%
better.
96.3%
better.
96.3%
better...
96.3%
better,
96.3%
better,
96.3%
better,
96.3%
better,
96.3%
better,
96.3%
sad
95.7%
sad
95.7%
do.
95.4%
song
95.1%
song
95.1%
to
94.8%
to
94.8%
to
94.8%
to
94.8%
to
94.8%
to
94.8%
to
94.8%
to
94.8%
to
94.8%
your
93.8%
your
93.8%
your
93.8%
your
93.8%
your
93.8%
your
93.8%
let
93.5%
let
93.4%
let
93.4%
let
93.4%
let
93.4%
let
93.4%
let
93.4%
Take
92.6%
Take
92.6%
So
92.2%
in,
92.1%
The
91%
the
91%
the
91%
The
91%
bad.
90.4%
bad.
90.4%
her
90.2%
her.
90.2%
her
90.2%
her,
90.2%
her.
90.2%
her
90.2%
her
90.2%
heart,
89.4%
heart,
89.4%
into
88.9%
into
88.9%
Remember
88%
Remember
88%
Remember
88%
can
87.8%
can
87.8%
then
86.8%
then
86.7%
then
86.7%
then
86.7%
start
84.4%
% Correct
start
84.3%
go
83.5%
go
83.5%
get
81.8%
get
81.8%
afraid.
81.3%
out
78.7%
out
78.7%
begin
77.7%
begin.
77.7%
begin
77.7%
skin,
76.1%
skin,
76.1%
under
75.6%
under
75.6%
minute
70.6%
Nah nah nah nah nah nah nah nah nah,
66%
Nah nah nah nah nah nah nah nah nah,
66%
Nah nah nah nah nah nah nah! Nah nah nah nah,
66%
were
65.1%
me
62.7%
made
61.9%
shoulders.
60.1%
world
59.9%
world
59.9%
know
59.7%
know
59.7%
shoulder.
59.4%
down.
56.9%
it's
56.5%
it's
56.5%
that
56.5%
that
56.5%
have
55.5%
upon
54.8%
who
53.5%
now
53.4%
fool
52.9%
carry
52.5%
on
50.6%
refrain.
50.3%
oh!
50.1%
feel
50%
cool
48.6%
just
47.5%
plays
46.7%
pain,
46.2%
anytime
46.2%
little
46%
found
45.7%
colder.
43.8%
For
42.6%
for
42.6%
is
42.2%
by
39.3%
making
38.9%
his
34.5%
need
32.5%
you'll
31.7%
You're
30.3%
well
28.9%
yeah.
26%
with.
25.3%
someone
24.1%
waiting
21.4%
perform
21.3%
movement
20.9%

You're not logged in!

Compare scores with friends on all Sporcle quizzes.
OR
Log In

Sporcle TV

Today on Sporcle TV


Watch our educational content, quiz creation guides, and fun videos on Sporcle TV.

Show Comments

Extras

Top Quizzes Today


Score Distribution

Paid Content

Your Account Isn't Verified!

In order to create a playlist on Sporcle, you need to verify the email address you used during registration. Go to your Sporcle Settings to finish the process.

Report this User

Report this user for behavior that violates our Community Guidelines.

Details: